Aproximación a los planes de gobierno de Luis Cardenal y Héctor Silva (Parte I)

En este artículo se hace referencia a los programas de gobierno de los candidatos por la Alcaldía de San Salvador se analiza así lo propuesto por Luis Cardenal del partido Arena y la propuesta de Hector Silva del partido FMLN. /MSD

में बचाया:
ग्रंथसूची विवरण
स्वरूप: मूलपाठ
विषय:
टैग: टैग जोड़ें
कोई टैग नहीं, इस रिकॉर्ड को टैग करने वाले पहले व्यक्ति बनें!

MARC

LEADER 00000 a a2200000 04500
001 6329
003
040
245 |a Aproximación a los planes de gobierno de Luis Cardenal y Héctor Silva (Parte I)  
520 |a En este artículo se hace referencia a los programas de gobierno de los candidatos por la Alcaldía de San Salvador se analiza así lo propuesto por Luis Cardenal del partido Arena y la propuesta de Hector Silva del partido FMLN. /MSD  
650 |a PARTIDOS POLITICOS  
650 |a GOBIERNO MUNICIPAL  
773 |g volumen 20, número 886; páginas 4-5  
999 |c 24283  |d 24283